गोंड़ देवलोक/ (Record no. 199157)

MARC details
000 -LEADER
fixed length control field 01099nam a22001937a 4500
005 - DATE AND TIME OF LATEST TRANSACTION
control field 20231120122627.0
010 ## - LCCN (DPL NO)
LC control number HIN-126353
020 ## - INTERNATIONAL STANDARD BOOK NUMBER
Terms of availability 300.00
035 ## - SYSTEM CONTROL NUMBER
System control number HN-98699
037 ## - SOURCE OF ACQUISITION
Source of stock number/acquisition DBAD/PUB
082 ## - DEWEY DECIMAL CLASSIFICATION NUMBER
Classification number 305.5
100 ## - MAIN ENTRY--PERSONAL NAME
Personal name पारे, डॉ धर्मेन्द्र
245 ## - TITLE STATEMENT
Title गोंड़ देवलोक/
Statement of responsibility, etc डॉ धर्मेन्द्र पारे और संपादक डॉ कपिल तिवारी
260 ## - PUBLICATION, DISTRIBUTION, ETC. (IMPRINT)
Place of publication, distribution, etc मध्यप्रदेश
Name of publisher, distributor, etc आदिवासी लोक कला एवं तुलसी साहित्य अकादमी
Date of publication, distribution, etc 2021
270 ## - ADDRESS
Address मध्यप्रदेश संस्कृति परिषद् मुल्ला रमुजी संस्कृति भवन, आधार तल,
City मध्यप्रदेश
Telephone number 91-0755-2551878
300 ## - PHYSICAL DESCRIPTION
Extent 236पिष्ट.
Dimensions 22 (सजिल्द)
700 ## - ADDED ENTRY--PERSONAL NAME
Personal name जैन, मनोज तिवारी, डॉ कपिल और मिश्र, अशोक
9 (RLIN) 58861
942 ## - ADDED ENTRY ELEMENTS (KOHA)
Item type Hindi Books
Source of classification or shelving scheme Dewey Decimal Classification
Classification part 305.5
Call number suffix पारे
Holdings
Withdrawn status Lost status Not for loan Collection code Home library Current library Date acquired Source of acquisition Cost, normal purchase price Full call number Barcode Copy number Cost, replacement price Koha item type
      Non-fiction Ashok Vihar Ashok Vihar 20/11/2023 DBAD/PUB 300.00 305.5 पारे HN-98699 1 300.00 Hindi Books

© Delhi Public Library
Hit Counter
free hit counter